The Life of Pablo - 2016 - Kanye West - Statistics

General Stats
  • This quiz has been taken 12 times
  • The average score is 12 of 20
Answer Stats
Track Answer % Correct
2 Father Stretch My Hands, Pt. 1
100%
17 No More Parties in LA
91%
3 Pt. 2
91%
20 Saint Pablo
91%
13 Wolves
91%
4 Famous
82%
9 I Love Kanye
64%
1 Ultralight Beam
64%
10 Waves
64%
16 30 Hours
55%
14 Frank's Track
55%
18 Facts
45%
19 Fade
45%
5 Feedback
45%
11 FML
45%
7 Highlights
45%
6 Low Lights
45%
12 Real Friends
45%
15 Siiiiiiiiilver Surffffeeeeer Intermission
45%
8 Freestyle 4
36%
No matching quizzes found
Score Distribution
Percent of People with Each Score
Percentile by Number Answered
Your Score History
You have not taken this quiz